Statistics for Chelsea - Liverpool 2015-2016

Click here to take the quiz!

General Stats

  • This quiz has been taken 132 times
  • The average score is 21 of 30

Answer Stats

Answer % Correct
Diego Costa
94%
John Terry
91%
Eden Hazard
91%
Gary Cahill
90%
Willian
88%
Philippe Coutinho ²
86%
Simon Mignolet
86%
Jürgen Klopp
85%
Roberto Firmino
83%
José Mourinho
80%
Alberto Moreno
79%
Oscar
78%
Nathan Clyne
78%
C. Azpilicueta
76%
Dejan Lovren
72%
James Milner
70%
Martin Skrtel
69%
Adam Lallana
68%
Mamadou Sakho
68%
Ramires ¹
67%
Cesc Fabregas
67%
Asmir Begovic
67%
Emre Can
64%
Lucas Leiva
60%
John Obi Mikel
58%
Christian Benteke ¹
58%
Kurt Zouma
56%
Jordon Ibe
45%
Radamel Falcao
32%
Robert Kenedy
20%

Score Distribution

Percentile by Number Answered

Percent of People with Each Score

Your Score History

You have not taken this quiz